Score 0/23 Timer 04:00
4 Plays Today
Hint 4-Letter Word % Correct
• Ashley ___ (2006-14, Defender) •
or A type of cabbage-based slaw
•COLE•
96.5%
• ___ Mourinho (2004-08; 2013-15, Manager) •
or 'No way, ___!'
•JOSÉ•
95.3%
Dark carbonated soft drinkCOLA
87.5%
• Chelsea FC anthem: ___ is the Colour •
or Sad
BLUE
84.9%
Watering implement used by firefightersHOSE
83.3%
• Dennis ___ (1990-2001, Midfielder) •
or Intelligent
•WISE•
83.3%
• Gianfranco ___ (1996-2003, Forward) •
or 'J'Accuse' author Émile
•ZOLA•
83%
Humorous setup, usually with a punchlineJOKE
81.1%
• Stamford (Mascot) is this kind of animal •
or Partner of the Witch or the Wardrobe?
•LION•
78.1%
Stirred from sleepWOKE
76.3%
A chasmHOLE
75.7%
A cable or cordWIRE
74%
Hint 4-Letter Word % Correct
To walk with a hobbleLIMP
73.8%
A speech defect influencing 'th' and 's' soundsLISP
72%
To get up from a prone positionRISE
70.1%
Dressed inWORE
67.5%
Baseball statistic for effectiveness with runners on 2B or 3BRISP
58.2%
Describe or outline in sharp detailLIMN
54.2%
UK slang for crying or weeping, for shortBLUB
48%
An unshaped splotchBLOB
47.9%
A fowl on a Canadian dollarLOON
45.3%
Benefit or blessingBOON
41.9%
A fool or nincompoop BOOB
40.5%

Today's Daily Dose

You're not logged in!

Compare scores with friends on all Sporcle quizzes.
OR
Log In

Sporcle TV

Today on Sporcle TV


Watch our educational content, quiz creation guides, and fun videos on Sporcle TV.

Show Comments

Extras

Top Quizzes Today


Score Distribution

Paid Content

Your Account Isn't Verified!

In order to create a playlist on Sporcle, you need to verify the email address you used during registration. Go to your Sporcle Settings to finish the process.

Report this User

Report this user for behavior that violates our Community Guidelines.

Details: